000 01190nam a22002897a 4500
001 1154
005 20230808103933.0
008 230804b cb ||||| |||| 00| 0 khr d
020 _a9789996305924
040 _aFISKH
_beng
_cFISKH
_dFISKH
082 _a646.4
100 _aVanthary, Oum
245 _aសម្លៀកបំពាក់ខ្ញុំ /
246 _aMy clothes
250 _aបោះពុម្ភលើកទី ៣ មេសា ២០២១
260 _aPhnom Penh :
_bSipar,
_c2021.
300 _a14 unnumbered pages :
_bcolor illustrator ;
_c18 cm
505 _aaa
520 _aកុមារតូចនឹងបានរៀនអំពីពាក្យដំបូងនៃសម្លៀកបំពាក់អមជាមួយនឹងរូបភាពផងដែរ។
520 _aBasic vocabulary of different names of clothes with painted pictures are introduced to young children.
521 _a10
_bLexile estimate
521 _aaa
_bRaz-Plus
650 _aសម្លៀកបំពាក់
_vរូបភាព​​
650 _aClothes
_vPictures
700 _aSarith, Huot
_cillustrator
942 _2ddc
_cBK
_n0
999 _c1154
_d1154